000 00822nam a22002777a 4500
001 6855
003 FISKH
005 20250603115912.0
008 250603b cb ||||| |||| 00| 0 eng d
020 _a9780753456040
040 _aFISKH
_beng
_cFISKH
_dFISKH
050 _aQL430 .A59
082 _a594.3
100 _aAllen, Judy
245 _aAre you a snail? /
_cJudy Allen and Tudor Humpphries
260 _aNew York :
_bKingfisher,
_c2000.
300 _a31 pages :
_bcolor illustrations ;
_c21 cm
505 _aJ
520 _aIntroduces the life cycle of a snail, showing how it changes from an egg to an adult snail.
521 8 _a430
_bLexile
521 8 _aJ
_bRaz-Plus
650 _aAnimals
_vNature
_xInsects
_yScience
700 _aHumpphries, Tudor
942 _2ddc
_cBK
_n0
999 _c6855
_d6855